| 000 | 00490nam a22001937a 4500 | ||
|---|---|---|---|
| 999 |
_c7839 _d7839 |
||
| 003 | OSt | ||
| 005 | 20220321133441.0 | ||
| 008 | 220321b ||||| |||| 00| 0 eng d | ||
| 020 | _a0415101670 | ||
| 040 | _cDDC | ||
| 082 | _a320.8 ELC1994 | ||
| 100 |
_aElcock, Howard _915946 |
||
| 245 |
_aLocal Government _b: Policy and management |
||
| 250 | _a3rd ed. | ||
| 260 |
_aNewyork _b: Routledge _c, C1994 |
||
| 300 |
_axii, 353p. _c; 23 cm |
||
| 504 | _aReferences Index | ||
| 942 |
_2ddc _cBOOK |
||